| 000 | 00927nam a2200265 a 4500 | ||
|---|---|---|---|
| 003 | CBULib | ||
| 005 | 20231106074948.0 | ||
| 008 | 120625s2012 ||||||||||||||||| || u | ||
| 020 | _a9789211128277 | ||
| 040 |
_aCBULib _bEnglish _cCBULib _erda |
||
| 041 | _aeng | ||
| 050 | _aUNCTAD(02)2012/1 | ||
| 110 | _aUnited Nations Conference on Trade and Development (UNCTAD) | ||
| 245 | 1 | 0 |
_aFair and equitable treatment _c/ by United Nations Conference on Trade and Development (UNCTAD} |
| 260 |
_aGeneva : _bUnited Nations, _c2012 |
||
| 300 | _axvii, 141 pages : illustrations | ||
| 336 |
_2rdacontent _aText | _btxt |
||
| 337 |
_2rdamedia _aUnmediated | _bn |
||
| 338 |
_2rdacarrier _aVolume _bnc |
||
| 490 | _aUNCTAD series on issues in international investment agreements II | ||
| 490 | _vII | ||
| 650 | _aINTERNATIONAL TRADE AGREEMENTS | ||
| 942 |
_2mc _c029 |
||
| 999 |
_c43112 _d43112 |
||